N. Africa/SW Asia Capitals Quiz Stats

 Plays Quiz not verified by Sporcle

Also try: States of Nigeria
Challenge
Share
Tweet
Embed
Score 0/51 Timer 10:00
0 Plays Today
Country Capital % Correct
IranTehran
94.8%
EgyptCairo
93.1%
IraqBaghdad
93.1%
KuwaitKuwait City
93.1%
LebanonBeirut
91.4%
SyriaDamascus
91.4%
AfghanistanKabul
91.4%
IsraelJerusalem
89.7%
JordanAmman
87.9%
Saudi ArabiaRiyadh
86.2%
United Arab EmiratesAbu Dhabi
86.2%
TurkeyAnkara
86.2%
PakistanIslamabad
86.2%
SudanKhartoum
84.5%
LibyaTripoli
84.5%
AlgeriaAlgiers
82.8%
GeorgiaT'bilisi
82.8%
SomaliaMogadishu
81%
QatarDoha
81%
TunisiaTunis
79.3%
EthiopiaAddis Ababa
79.3%
BahrainManama
79.3%
AzerbaijanBaku
79.3%
Guinea-BissauBissau
77.6%
OmanMuscat
77.6%
Sierra LeoneFreetown
75.9%
Country Capital % Correct
MoroccoRabat
75.9%
YemenSana'a
75.9%
KyrgyzstanBishkek
75.9%
GhanaAccra
74.1%
LiberiaMonrovia
74.1%
SenegalDakar
74.1%
UzbekistanTashkent
74.1%
NigeriaAbuja
70.7%
ArmeniaYerevan
70.7%
CameroonYaounde
65.5%
ChadN'Djamena
63.8%
TajikistanDushanbe
63.8%
Burkina FasoOuagadougou
63.8%
Central African RepublicBangui
60.3%
BeninPorto-Novo
60.3%
TogoLome
60.3%
TurkmenistanAshgabat
60.3%
NigerNiamey
58.6%
GuineaConakry
58.6%
MaliBamako
56.9%
EritreaAsmara
56.9%
The GambiaBanjul
55.2%
MauritaniaNouakchott
53.4%
Cote D'Ivore/Ivory CoastYamoussoukro
51.7%
Equatorial GuineaMalabo
48.3%

You're not logged in!

Compare scores with friends on all Sporcle quizzes.
Join for Free
OR
Log In

You Might Also Like...

Show Comments

Extras

Top Quizzes Today


Score Distribution

Your Account Isn't Verified!

In order to create a playlist on Sporcle, you need to verify the email address you used during registration. Go to your Sporcle Settings to finish the process.

Report this User

Report this user for behavior that violates our Community Guidelines.

Details: